| 000 | 00795cam a22002531 4500 | ||
|---|---|---|---|
| 001 | med48000110 | ||
| 003 | DLC | ||
| 005 | 20260227111609.0 | ||
| 008 | 801022s1947 dcu b f000 0 eng | ||
| 010 | _amed48000110 | ||
| 035 | _a(OCoLC)6851235 | ||
| 040 |
_aDLC _cKWiU _dOCoLC _dDLC |
||
| 042 | _apremarc | ||
| 050 | 0 | 0 |
_aRA1231.T45 _bH4 |
| 082 | _a615.9 | ||
| 100 | 1 |
_aHeyroth, Francis F. _q(Francis Farnham), _d1894- |
|
| 245 | 0 | 0 |
_aThallium, _ba review and summary of medical literature. |
| 260 |
_a[Washington, _bU.S. Govt. Print. Off., _c1947] |
||
| 300 |
_a23 p. _c23 cm. |
||
| 410 | 1 | 0 |
_aUnited States. _bPublic Health Service. _tPublic health reports. Supplement _vno. 197 |
| 504 | _a"References": p. 17-23. | ||
| 650 | 0 |
_aThallium _xToxicology. |
|
| 650 | 0 |
_aThallium _vBibliography. |
|
| 999 |
_c38851 _d38851 |
||